Malá bible : výbor hlavních míst z knih Písma svatého Starého i Nového Zákona. Díl 6., Z apoštolských skutků i listů a ze Zjevení Janova /

Hlavní autor: Kovář, František, 1888-1969
Jazyk: Čeština
Vydáno: Praha : Ústřední církevní nakladatelství, 1961
Fyzický popis: 881 s.
Knihy
Uloženo v:
LEADER 00830nam a22002172a 4500
001 000977995
003 CZ BrMZK
005 20210802143811.0
007 ta
008 091116s1961 xr er|||||||||||cze d
015 |a cnb000614080 
040 |a BOA001  |b cze 
100 1 |a Kovář, František,  |d 1888-1969  |7 jk01062454  |4 aut 
245 1 0 |a Malá bible :  |b výbor hlavních míst z knih Písma svatého Starého i Nového Zákona.  |n Díl 6.,  |p Z apoštolských skutků i listů a ze Zjevení Janova /  |c Karel Kovář 
246 1 0 |a Z apoštolských skutků i listů a ze Zjevení Janova 
260 |a Praha :  |b Ústřední církevní nakladatelství,  |c 1961 
300 |a 881 s. 
910 |a BOA001  |b 1-0330.356,6 
990 |a BK 
991 |b 200911 
996 6 |b 2619395387  |c 1-0330.356,6  |l MZK  |r Sklad / do 1 hodiny  |n 0  |w 000977995  |u 000010  |a 1  |e BOA001  |j MZK50  |s P